000 00630nam a2200229Ia 4500
003 OSt
005 20220918191127.0
006 a|||||r|||| 00| 0
007 ta
008 220917b |||||||| |||| 00| 0 eng d
024 _a61,540
037 _cTextual
040 _aARTS
_cARTS
_beng
041 _2eng
_aeng
082 _aQ:23, 498K9.1-3;5-.6
100 _aCzhan Phan Mtha Yas R C R S
_974984
245 0 _aBha Ma
_b Theredaction
260 _aGangtok
_bSonam Kagi
_c1969
650 _aRELIGION
942 _hQ:23, 498K9.1-3;5-.6
_cTEXL
_2CC
999 _c188390
_d188390